| Поле | Инд. | ПП | Название | Значение |
|---|---|---|---|---|
| Тип записи | a | |||
| Библиографический уровень | s | |||
| 001 | Контрольный номер | b7b7f96bd31a46a197d5e7971f5068e8 | ||
| 005 | Дата корректировки | 20240607103115.4 | ||
| 102 | a | Страна публикации | RU | |
| 200 | 1_ | a | Заглавие | Конституционное и муниципальное право |
| b | Общее обозначение материала | Текст | ||
| 210 | 1_ | d | Дата издания | 2015 |
| 801 | _0 | a | Страна | RU |
| b | Организация | РГУП | ||
| g | Правила каталогизации | PSBO | ||
| 801 | _1 | a | Страна | RU |
| b | Организация | РГУП | ||
| g | Правила каталогизации | PSBO | ||
| 901 | t | Тип документа | u | |
| 905 | a | Дата ввода | 20180918 |